000 00801nam a2200193 i 4500
001 168121
003 ES-MaACL
005 20230906213709.0
008 931025m18441849sp |||| | spa d
100 1 _aZamora y Coronado, José María.
_9134015
245 1 0 _aBiblioteca de legislación ultramarina, en forma de diccionario alfabético ... /
_cpor José María Zamora y Coronado.
260 _aMadrid :
_b[s.n.],
_c1844-1849 (
_fImp. de Alegría y Charlain)
300 _a7 v. ;
_c27 cm.
530 _aDisponible en formato digital.
597 _a6 v. numerados y un v. de suplemento sin numerar.
650 _aDerecho colonial-
_zEspaña.
_9170999
852 _aES-MaACL
_jG-3901-07
_z- Enc. pasta
856 _uhttp://bdh-rd.bne.es/viewer.vm?id=0000007734&page=1
_zBiblioteca Digital Hispánica
999 _c168121
_d168121